Fundamentals of thermodynamics. (Record no. 545788)
[ view plain ]
| 000 -LEADER | |
|---|---|
| fixed length control field | 00441cam a22001331 4500 |
| 082 ## - DEWEY DECIMAL CLASSIFICATION NUMBER | |
| Classification number | 621.4021 |
| -- | 621.01* |
| Author Mark | LEO |
| -- | L-12, P-26 |
| 100 1# - MAIN ENTRY--PERSONAL NAME | |
| Personal name | Leonard, Carroll Mendenhall, |
| 9 (RLIN) | 41748 |
| 245 00 - TITLE STATEMENT | |
| Title | Fundamentals of thermodynamics. |
| Statement of responsibility, etc. | Carroll M. Leonard |
| 260 ## - PUBLICATION, DISTRIBUTION, ETC. | |
| Place of publication, distribution, etc. | Englewood Cliffs, N.J., |
| Name of publisher, distributor, etc. | Prentice-Hall, |
| Date of publication, distribution, etc. | 1958. |
| 300 ## - PHYSICAL DESCRIPTION | |
| Extent | 376 p. |
| Other physical details | illus. |
| Dimensions | 24 cm. |
| 526 ## - STUDY PROGRAM INFORMATION NOTE | |
| Program name | 0 |
| Interest level | 0 |
| Reading level | 0 |
| Title point value | 621_402100000000000_LEO |
| 650 #0 - SUBJECT ADDED ENTRY--TOPICAL TERM | |
| Topical term or geographic name entry element | Thermodynamics. |
| 9 (RLIN) | 7134 |
| 942 ## - ADDED ENTRY ELEMENTS (KOHA) | |
| Source of classification or shelving scheme | |
| Koha item type | Book |
| Withdrawn status | Lost status | Source of classification or shelving scheme | Damaged status | Not for loan | Permanent Location | Current Location | Date acquired | Total Checkouts | Full call number | Barcode | Date last seen | Price effective from | Koha item type |
|---|---|---|---|---|---|---|---|---|---|---|---|---|---|
| Military College of Engineering (MCE) | Military College of Engineering (MCE) | 05/29/2014 | 621.4021 LEO | MCE-2209 | 05/29/2014 | 05/29/2014 | Book |
